| 000 | 01055cam a2200241 4500 | ||
|---|---|---|---|
| 001 | ABS65955 | ||
| 008 | 021001n2002 000 0 eng u | ||
| 035 | _a(Sirsi) u119948 | ||
| 100 | _aKooijman, D | ||
| 245 | 2 | _aA third revolution in retail?. The Dutch approach to leisure and urban entertainment | |
| 260 | _c2002 | ||
| 490 |
_aJournal of Leisure Property _v2(3) August 2002, 214-229 (16) |
||
| 520 | _aProposes that leisure and urban entertainment could signal a third revolution in the retail sector. Develops a clear framework of the relationships between real estate, leisure, urban entertainment and retail sector drawing on past and recent experience in the Netherlands. Describes the contending views surrounding this subject. Figures.Tables. References. (TAKEN FROM JOURNAL ABSTRACT). | ||
| 590 | _aABS | ||
| 650 | _aNETHERLANDS | ||
| 650 | _aLEISURE PROPERTY | ||
| 650 | _aREAL ESTATE | ||
| 650 | _aLEISURE | ||
| 650 | _aURBAN ENTERTAINMENT CENTRES | ||
| 650 | _aRETAIL SECTOR | ||
| 690 | _aINTERNATIONAL-EUROPE | ||
| 942 | _n0 | ||
| 999 |
_c71269 _d71269 |
||